000 01012nam a22001817a 4500
999 _c61037
_d61037
005 20231211105447.0
008 231211s1974 ru ||||| |||| 00| 0 rus d
041 _arus
080 _a902(479.25) M-26
100 _aМартиросян, А. А.
_920651
245 _aАрхеологические памятники Армении. 8. Урартские памятники :
_bВып. 1 Аргиштихинили /
_cА. А. Мартиросян; Академия наук армянской ССР. Институг Археологии и Этнографии.
264 _aЕреван :
_bиздательство АН Арм. ССР,
_c1974.
300 _a176 стр.:
_bил.;
_c30 см.
653 _aსომხეთის არქეოლოგიური ძეგლები
653 _aარქეოლოგია
710 _aАкадемия наук армянской ССР.
_dИнституг Археологии и Этнографии.
_920652
942 _2udc
_cᲬᲘᲒᲜᲘ